Statistics for logo quiz level 13 media

Click here to take the quiz!

General Stats

  • This quiz has been taken 20 times
  • The average score is 10 of 50

Answer Stats

Answer% Correct
You Tube
79%
CNN
64%
Discovery
64%
Netflix
50%
Sony
50%
SpongeBob
50%
Warner Bros
50%
Discovery Channel
43%
NBC
43%
DreamWorks
36%
ESPN
36%
iTunes
36%
MTV
36%
Cartoon Network
29%
Dragon Ball Z
29%
Nickelodeon
29%
Pixar
29%
The Voice
29%
HBO
21%
Marvel
21%
MGM
21%
MSN
21%
Showtime
21%
Al Jazeera
14%
TMNT
14%
France 24
7%
Master Chef
7%
MasterChef Kids
7%
Oscar Wilde
7%
Paramount Pictures
7%
Vaio
7%
Beauty and the Geek
0%
Channel 10
0%
Channel 2 News
0%
Hop!
0%
Hot
0%
Kids Channel
0%
Knesset
0%
Max
0%
Mr. Pretzels
0%
NCR
0%
Ok Cupid
0%
Olivia
0%
Prison Break
0%
Sky News
0%
Sport 1
0%
Sport 5
0%
UFC
0%
Walt Disney Television
0%
Yes.
0%

Score Distribution

Percentile by Number Answered

Percent of People with Each Score

Your Score History

You have not taken this quiz